Un baiser ! - Statistiques

Statistiques générales
  • Ce quiz a été pris 29 fois
  • Le résultat moyen est 6 sur 15
Statistiques - réponses
Question Réponse % Correct
Comment se dit baiser en espagnol ? Beso
81%
Quelles chanteuses se sont embrassées sur la bouche lors des MTV Music Awards de 2003 ? Madonna et Britney Spears
67%
Qui a photographié Le baiser de l'hôtel de ville ? Robert Doisneau
67%
Quel écrivain normand fait paraitre dans Gil Blas en 1882 sous le pseudonyme de Maufrigneuse une nouvelle intitulée Le Baiser ? Guy de Maupassant
56%
Le 5e album studio de ce groupe s'appelle sobrement Le Baiser et le groupe se nomme... Indochine
52%
Une romancière spécialiste des romans d'amour fait paraitre en France en 2002 Le Baiser. Qui est-elle ? Danielle Steel
48%
Qui chante Le Baiser en 1999 ? Alain Souchon
41%
Dans quel pays a-t-on inventé une pâtisserie appelée Le Baiser ? Belgique
33%
En 1887, un auteur russe bien connu a fait paraitre une nouvelle titrée Le Baiser. Il s'agit... de Tchekhov
33%
Quelle star joue dans Le Baiser de Jacques Feyder en 1929 ? Greta Garbo
33%
Quel peintre n'a pas peint Le Baiser ? Henri Matisse
30%
Qui a skippé un navire appelé French Kiss ? Marc Pajot
26%
Il existe une journée internationale du baiser célébrée chaque année le 6 juillet
19%
Qui n'a jamais sculpté Le Baiser ? Camille Claudel
11%
Qui a réalisé le film Le Baiser du tueur en 1955 Stanley Kubrick
11%
Aucun quiz correspondant
Distribution des résultats
% des personnes avec chaque résultat
Percentile par nombre de réponses
Votre historique - résultats
Vous n’avez pas pris ce quiz